000 00630nam a2200157 4500
999 _c15799
_d15799
008 201127b ||||| |||| 00| 0 eng d
022 _a0730-3084
082 _aDPer 613.705 J863 Sept 2015-Apr 2016 v. 86-87
100 _aJohnson, Tyler G.
_942636
245 _aPhysical activity stories:
_bassessing the "meaning standard" in physical education/
_cTyler G. Johnson.
260 _aPhiladelphia:
_bShape America-Society of Health and Physical Educators,
_c©Sept 2015-Apr 2016.
300 _av87, n4, pages 11-17:
_billustrations;
_c28 cm.
500 _aJOPERD
650 _aPhysical education
_xStandards.
_942637
942 _2ddc
_cPER